| 000 | 00558nam a22001697a 4500 | ||
|---|---|---|---|
| 005 | 20240122104928.0 | ||
| 008 | 240122b |||||||| |||| 00| 0 eng d | ||
| 020 | _a0409003301 ; 0409003948 | ||
| 041 | _aEnglish | ||
| 082 | _a349 JOU | ||
| 100 |
_aJoubert, WA and Scott, TJ _lEnglish |
||
| 245 |
_aThe Law of South Africa : Indigenous Law / _cWA Joubert and TJ Scott |
||
| 260 |
_aDurban : _bButterworth Publishers (Pty), _c1994 |
||
| 300 |
_b280 pages ; _c26 cm. |
||
| 650 |
_aLegal practice _bLaw |
||
| 942 |
_cBK _6ALISON_BN_VRIES |
||
| 999 |
_c1268 _d1268 |
||